| 000 | 00593 a2200181 4500 | ||
|---|---|---|---|
| 020 | _a8124100292 | ||
| 020 | _a9788124100295 | ||
| 090 |
_c1069 _d1069 |
||
| 100 | 1 | _aSaxena, S.B. | |
| 245 | 1 | 2 |
_aA textbook of business law / _cS.B. Saxena. |
| 260 |
_a[S.l.] : _bHar Anand Publications, _c2007. |
||
| 300 | _a748 p. | ||
| 500 | _aPaperback. | ||
| 700 | 1 | _aGupta, M.P. | |
| 856 | 4 | 0 |
_3Amazon.com _uhttp://www.amazon.com/exec/obidos/ASIN/8124100292/chopaconline-20 |
| 856 | 4 | 0 |
_3Amazon customer reviews _uhttp://www.chopac.org/cgi-bin/tools/azrev.pl?q=8124100292 |
| 942 |
_aNBS _cBK _k346.07 SAK |
||
| 999 |
_c343603 _d343603 |
||